Las Privatizaciones en Centroamérica II

保存先:
書誌詳細
フォーマット: テキスト
主題:
タグ: タグ追加
タグなし, このレコードへの初めてのタグを付けませんか!

MARC

LEADER 00000 a a2200000 04500
001 6598
003
040
245 |a Las Privatizaciones en Centroamérica II  
650 |a PRIVATIZACION  
650 |a PARTICIPACION DEL ESTADO  
650 |a SERVICIOS PUBLIOCS  
650 |a TELECOMUNICACIONES  
773 |g volumen 23, número 1012; páginas 11-12  
999 |c 19717  |d 19717